UM Logo

Applied research in financial reporting: (Record no. 2652)

MARC details
000 -LEADER
fixed length control field 00690nam a22001937a 4500
008 - FIXED-LENGTH DATA ELEMENTS--GENERAL INFORMATION
fixed length control field 160521b xxu||||| |||| 00| 0 eng d
020 ## - INTERNATIONAL STANDARD BOOK NUMBER
International Standard Book Number 0070004803
082 ## - DEWEY DECIMAL CLASSIFICATION NUMBER
Edition number 2002
Classification number DC 657.3
Item number Ab3
100 ## - MAIN ENTRY--PERSONAL NAME
9 (RLIN) 8729
Personal name Abdolmohammadi, Mohammad
245 ## - TITLE STATEMENT
Title Applied research in financial reporting:
Remainder of title text and cases/
Statement of responsibility, etc. Mohammad Abdolmohammadi and Ralph J. McQuade.
260 ## - PUBLICATION, DISTRIBUTION, ETC. (IMPRINT)
Place of publication, distribution, etc. Boston:
Name of publisher, distributor, etc. McGraw-Hill,
Date of publication, distribution, etc. c2002.
300 ## - PHYSICAL DESCRIPTION
Extent xxiii, 311 pages:
Other physical details illustrations;
Dimensions 23 cm.
500 ## - GENERAL NOTE
General note Includes index.
650 #0 - SUBJECT ADDED ENTRY--TOPICAL TERM
9 (RLIN) 8731
Topical term or geographic name as entry element Accounting
General subdivision Research
-- Methodology
650 #0 - SUBJECT ADDED ENTRY--TOPICAL TERM
9 (RLIN) 8734
Topical term or geographic name as entry element Accounting
General subdivision Case studies
650 #0 - SUBJECT ADDED ENTRY--TOPICAL TERM
9 (RLIN) 8737
Topical term or geographic name as entry element Financial statements
700 ## - ADDED ENTRY--PERSONAL NAME
9 (RLIN) 8739
Personal name Ralph J. McQuade
Relator term Author
942 ## - ADDED ENTRY ELEMENTS (KOHA)
Source of classification or shelving scheme Dewey Decimal Classification
Koha item type Circulation
Holdings
Withdrawn status Lost status Source of classification or shelving scheme Damaged status Not for loan Collection code Home library Current library Date acquired Source of acquisition Total Checkouts Full call number Barcode Date last seen Copy number Price effective from Koha item type
    Dewey Decimal Classification     Circulation UM Digos College - LIC UM Digos College - LIC 09/29/2003 Purchased   DC 657.3 Ab3 2002 16021 05/15/2025 1 05/21/2016 Circulation